000 00501nam a2200181Ia 4500
003 GCL
008 140319s9999 xx 000 0 ara d
040 _aGCL /
_cGCL
082 0 4 _a811.9
_bع ف
100 1 _aعبدالرحمن بدوى
245 1 0 _aفى الشعر الاوروبى المعاصر /
_cعبدالرحمن بدوى
300 _a222 ص
490 _a
650 0 4 _aالشعر
650 0 4 _aالشعر - تاريخ ونقد
650 0 4 _aالشعر الحديث
942 _2ddc
_cBK
999 _c47869
_d47869